Statistics for World Capitals Closest to Tehran - 30 Second Sprint

Click here to take the quiz!

General Stats

  • This quiz has been taken 23 times
  • The average score is 9 of 20

Answer Stats

kmcapitalmiles% Correct
697Baghdad433
74%
1623Kabul1009
74%
541Baku336
68%
783Yerevan487
68%
1405Damascus873
63%
1159Doha720
63%
773Kuwait City480
63%
1057Manama657
58%
1284Abu Dhabi798
53%
1487Amman924
53%
879Tbilisi546
47%
1691Ankara1051
42%
667Ashgabat415
42%
1510Muscat938
42%
1304Riyadh810
42%
1464Beirut910
32%
1672Tashkent1039
26%
1558Jerusalem968
21%
1578Dushanbe981
16%
1631Nicosia1030
0%

Score Distribution

Percentile by Number Answered

Percent of People with Each Score

Your Score History

You have not taken this quiz